54 3-D scroll saw patterns / (Record no. 21795)

000 -LEADER
fixed length control field 01005pam a2200289 a 4500
001 - CONTROL NUMBER
control field 3051318
003 - CONTROL NUMBER IDENTIFIER
control field OSt
005 - DATE AND TIME OF LATEST TRANSACTION
control field 20170123093106.0
008 - FIXED-LENGTH DATA ELEMENTS--GENERAL INFORMATION
fixed length control field 960610s1996 paua 000 0 eng
010 ## - LIBRARY OF CONGRESS CONTROL NUMBER
LC control number 96009447
020 ## - INTERNATIONAL STANDARD BOOK NUMBER
International Standard Book Number 0764300369
040 ## - CATALOGING SOURCE
Original cataloging agency DLC
Transcribing agency DLC
Modifying agency DLC
050 00 - LIBRARY OF CONGRESS CALL NUMBER
Classification number TT186
Item number .P68 1996
082 00 - DEWEY DECIMAL CLASSIFICATION NUMBER
Classification number 745.51
Edition number 20
100 1# - MAIN ENTRY--PERSONAL NAME
Personal name Pozsgai, Frank.
245 10 - TITLE STATEMENT
Title 54 3-D scroll saw patterns /
Statement of responsibility, etc. Frank Pozsgai.
246 3# - VARYING FORM OF TITLE
Title proper/short title Fifty-four three-dimensional scroll saw patterns
246 3# - VARYING FORM OF TITLE
Title proper/short title Fifty-four three-D scroll saw patterns
260 ## - PUBLICATION, DISTRIBUTION, ETC. (IMPRINT)
Place of publication, distribution, etc. Atglen, PA :
Name of publisher, distributor, etc. Schiffer Pub.,
Date of publication, distribution, etc. c1996.
300 ## - PHYSICAL DESCRIPTION
Extent 48 p. :
Other physical details ill. (some col.) ;
Dimensions 28 cm.
440 #2 - SERIES STATEMENT/ADDED ENTRY--TITLE
Title A Schiffer book for woodworkers
650 #0 - SUBJECT ADDED ENTRY--TOPICAL TERM
Topical term or geographic name as entry element Jig saws.
650 #0 - SUBJECT ADDED ENTRY--TOPICAL TERM
Topical term or geographic name as entry element Woodwork
General subdivision Patterns.
906 ## - LOCAL DATA ELEMENT F, LDF (RLIN)
a 7
b cbc
c orignew
d 1
e ocip
f 19
g y-gencatlg
942 ## - ADDED ENTRY ELEMENTS (KOHA)
Source of classification or shelving scheme
Koha item type Hard Covered Materials
Classification part NK 8242 .B38 1996
Holdings
Withdrawn status Lost status Source of classification or shelving scheme Damaged status Not for loan Home library Current library Shelving location Date acquired Source of acquisition Total Checkouts Full call number Barcode Date last seen Price effective from Koha item type
          MACHAKOS UNIVERSITY LIBRARY MACHAKOS UNIVERSITY LIBRARY Technical section 23/01/2017 Donation (BFA)   NK 8242 .B38 1996 31379 27/06/2018 23/01/2017 Hard Covered Materials
© Machakos University Library, Along The Highway, Machakos Wote Rd, Machakos, Kenya P.O. Box 136 - 90100 Machakos - Kenya

Tel: ( +254 ) 723 805829 OR Fax : 044-20353 OR Email: library@mksu.ac.ke